000 01769nam a2200361 c 4500
003 BLK
005 20250312145906.0
008 180409b bul|||||r ||||||| ||bul||
010 _aKNG00137383000
020 _a978-954-730-791-9
_bиздат.: Сиби
040 _aBLK
041 _aBUL
_cBUL
072 7 _2bullib
_aН34
_xПраво Н
080 _aГражданско съдопроизводство. Граждански процес. - Видове гражданско съдопроизводство:арбитражна, опростени процедури за по-дребни случаи, формалности при съдебна процедура, разследване, доказване
_b347.91/.95
_x(497.2)
_z347.91/.95(497.2)
100 1 _aЧернев, Силви Василев
_eпърви автор
_9371086
139 _aЧернев, Силви Василев
_bЧ 70
245 1 0 _aЗаповедно производство
_bКрит. поглед на законодателната уредба и съдебна практика
_cСилви Василев Чернев.
257 _aBGR
260 София
_bСиби
_c2012
_fСофия : Скайпринт
300 _a280 с.
_c22 см
380 _a3
500 _aБиблиогр. с. 277-278 и под линия.
650 4 _aБългария - право и правосъдие
_9242780
653 _aгражданско съдопроизводство
653 _aправо
659 _aН
852 _aЦб 257485
856 4 _qpdf
_u
856 4 _qpdf
_u
942 _cKNG
_n0
_05
944 _aCR
_c15.12.2012
_lСилвия Димитрова
_k30538
944 _aED
_c15.02.2018
_lф /
_kЛюдмила_Стоянова
999 _c131560
_d131560